00360 a2200121 4500001000700000041000800007082001900015300002800034700003100062040002500093245007400118260004600192116988 aeng aAP Year 2 [E] a1-1 (sem paginação) aMaple Bear Global Schools. aBR-BrIDEAcBR-BrIDEA10aPrograma Year 2bportuguês - unid. 1 e 3cMaple Bear Global Schools aBrasiliabMaple Bear Global Schoolsc2020